| 000 | 00427nam a2200133Ia 4500 | ||
|---|---|---|---|
| 008 | 180922s9999 xx 000 0 und d | ||
| 020 | _a9780470401163 | ||
| 100 | _aGarrett,Sheryl. | ||
| 245 |
_cSheryl Garrett, Garrett planning network.-- _aInvesting in an uncertain economy for dummies / |
||
| 260 |
_aNew Jersey : _bWiley Publishing _c2008 |
||
| 300 | _a370 pages. | ||
| 650 | _aInvestment analysis. | ||
| 650 | _aInvestments. | ||
| 999 |
_c358822 _d358822 |
||